Yearbook of the United Nations 1991
Αποθηκεύτηκε σε:
| Συγγραφή απο Οργανισμό/Αρχή: | |
|---|---|
| Μορφή: | Βιβλίο |
| Γλώσσα: | English |
| Δημοσίευση: |
The Hague ; : Boston ; : London :
Martinus Nijhoff,
c1992
|
| Θέματα: | |
| Ετικέτες: |
Προσθήκη ετικέτας
Δεν υπάρχουν, Καταχωρήστε ετικέτα πρώτοι!
|
MARC
| LEADER | 00000nam a2200000 i 4500 | ||
|---|---|---|---|
| 001 | 1/94941 | ||
| 008 | 991201s1992 eng d | ||
| 020 | |a 0-7923-1970-2 | ||
| 022 | |a 00828521 | ||
| 035 | |l 10055066 | ||
| 040 | |a GR-MY-UA |b gre |e aacr | ||
| 041 | 0 | |a eng | |
| 082 | 0 | |a Π 341.2305 | |
| 110 | 2 | |a United Nations. |b Department of Public Information. | |
| 245 | 1 | 0 | |a Yearbook of the United Nations 1991 / |c Department of public information, United Nations |
| 260 | |a The Hague ; : |a Boston ; : |a London : |b Martinus Nijhoff, |c c1992 | ||
| 300 | |a v.45 | ||
| 610 | 2 | 0 | |a United Nations |x Periodicals. |
| 650 | 0 | 0 | |a International agencies |x Periodicals. |
| 852 | |a INST |b RHODES |e 19991201 |h 341.2305 UNI |p 005400014226 |q 005400014226 |t REF |y 23 |z v.45 | ||
| 852 | |a INST |b RHODES |e 19991201 |h 341.2305 UNI |p 005400014226 |q 005400014226 |t REF |v v.45: |y 23 |z v.45 | ||
| 853 | |a INST |b RHODES |h 341.2305 UNI | ||
| 901 | |a BIBL4-1999-3 | ||
| 909 | |a Ρ |b 070087 | ||
| 922 | |a 4ΕΛΗ |b 199910 |c ΚΠΣ/124 |d GLORYBOOKS | ||
| 970 | |a ΧΟΡΟΖΙΔΟΥ |b ΤΖΕΝΗ |z 1999/12/01 | ||